[Event "Imperia op-A 57th"]
[Site "Imperia"]
[Date "2015.08.30"]
[Round "1"]
[White "Salerno, Luciano"]
[Black "Fiammengo, Davide"]
[Result "1-0"]
[WhiteElo "1657"]
[BlackElo "1610"]
[PlyCount "57"]
[EventDate "2015.08.30"]
[EventType "swiss"]
[EventRounds "8"]
[EventCountry "ITA"]
[SourceTitle "EXT 2024"]
[Source "ChessBase"]
[SourceDate "2023.10.10"]
[SourceVersion "1"]
[SourceVersionDate "2023.10.10"]
[SourceQuality "1"]

1. d4 e6 2. c4 Nf6 3. Nf3 d5 4. Nc3 Be7 5. cxd5 exd5 6. Bg5 c6 7. Qc2 0-0 8. e3 Bg4 9. Ne5 Bh5 10. Bd3 h6 11. Bxf6 Bxf6 12. g4 Bxe5 13. gxh5 Bf6 14. 0-0-0 Na6 15. Qe2 Nc7 16. Qg4 Ne6 17. Qf5 Re8 18. Rhg1 Bh4 19. Qh7+ Kf8 20. Bf5 Bxf2 21. Rg4 Bxe3+ 22. Kb1 Qf6 23. Re1 Bxd4 24. Bxe6 fxe6 25. Rg6 Qf5+ 26. Ka1 Bf6 27. Reg1 Qe5 28. Rf1 Ke7 29. Rgxf6 1-0